MARC

LEADER 00000nam0a2200000 4500
001 365796
005 20241202165637.0
035 |a (RuTPU)RU\TPU\retro\23159 
090 |a 365796 
100 |a 20220120d1979 km y0rusy50 ca 
101 0 |a rus 
102 |a UA 
105 |a a z 001zy 
200 1 |a Геохимия ультабазитов юго-западной части Украинского щита  |f А. Б. Фомин  |g Академия наук Украинской ССР, Институт геохимии и физики минералов 
210 |a Киев  |c Наукова думка  |d 1979 
215 |a 226 с.  |c ил. 
320 |a Библиогр.: с. 215-226 
606 1 |a Ультрабазиты  |2 stltpush  |3 (RuTPU)RU\TPU\subj\62990  |9 80043 
610 1 |a Украинский щит 
610 1 |a геохимия 
610 1 |a рудные минералы 
610 1 |a петрогенные элементы 
610 1 |a платиноиды 
610 1 |a золото 
610 1 |a щелочноземельные элементы 
610 1 |a габбро-ультрабазитовые комплексы 
610 1 |a рудоносность 
675 |a 552.321.5/.9  |v 4 
700 1 |a Фомин  |b А. Б.  |g Александр Борисович 
712 0 2 |a Академия наук Украинской ССР  |b Институт геохимии и физики минералов  |7 ca  |8 rus  |c Киев  |c 1969-1993  |2 stltpush  |3 (RuTPU)RU\TPU\col\13747  |9 25770 
801 1 |a RU  |b 63413507  |c 20220120 
942 |c BK